[Event "Titled Tuesday intern op 06th May Early"]
[Site "Chess.com INT"]
[Date "2025.05.06"]
[Round "3"]
[White "Jiganchine, Roman"]
[Black "Ser, Daniel"]
[Result "1-0"]
[WhiteElo "2205"]
[BlackElo "2005"]
[PlyCount "71"]
[EventDate "2025.05.06"]
[EventType "swiss (blitz)"]
[EventRounds "11"]
[EventCountry "USA"]
[SourceTitle "CB20_2025"]
[SourceDate "2025.05.14"]
[SourceVersion "1"]
[SourceVersionDate "2025.05.14"]
[SourceQuality "1"]

1. Nf3 Nf6 2. c4 g6 3. Nc3 Bg7 4. e4 d6 5. d4 0-0 6. Be2 Nc6 7. 0-0 e5 8. d5 Nb8 9. b4 c6 10. Be3 a5 11. a3 Ng4 12. Bg5 Qc7 13. Nd2 Nh6 14. Rc1 f6 15. Be3 f5 16. f3 Nd7 17. c5 axb4 18. axb4 Rd8 19. Nc4 dxc5 20. d6 Qb8 21. bxc5 b5 22. cxb6 Ba6 23. Qb3 Nf7 24. Rfd1 Kh8 25. h4 Bxc4 26. Bxc4 Nxd6 27. Be6 fxe4 28. fxe4 Nf6 29. Bg5 Ra6 30. Na4 Ndxe4 31. Rxd8+ Qxd8 32. b7 Qb8 33. Bc8 h6 34. Be3 Ng4 35. Rd1 Nxe3 36. Rd8+ 1-0

[Event "Titled Tuesday intern op 11th Jun Early"]
[Site "Chess.com INT"]
[Date "2024.06.11"]
[Round "3"]
[White "Jiganchine, Roman"]
[Black "Antoniou, Rafail"]
[Result "0-1"]
[WhiteElo "2205"]
[BlackElo "2027"]
[PlyCount "122"]
[EventDate "2024.06.11"]
[EventType "swiss (blitz)"]
[EventRounds "11"]
[EventCountry "USA"]
[SourceTitle "EXT 2025"]
[Source "ChessBase"]
[SourceDate "2024.10.14"]
[SourceVersion "1"]
[SourceVersionDate "2024.10.14"]
[SourceQuality "1"]

1. Nf3 g6 2. e4 Bg7 3. d4 d6 4. Nc3 Nf6 5. Be3 c5 6. dxc5 Qa5 7. Bd3 dxc5 8. 0-0 Nc6 9. h3 0-0 10. e5 Ne8 11. Bf4 Nc7 12. Re1 Ne6 13. Bg3 Rd8 14. Qc1 b6 15. Be4 Bb7 16. Nd5 Rab8 17. c3 c4 18. Ne3 Nc5 19. Nxc4 Qa6 20. Ncd2 Nd3 21. Bxd3 Qxd3 22. e6 f5 23. Bxb8 Rxb8 24. Nb3 Qd5 25. Qg5 Bf6 26. Qh6 Ne5 27. Nbd4 Rc8 28. Rad1 Rc4 29. Qe3 Rxd4 30. Rxd4 Nxf3+ 31. Qxf3 Bxd4 32. Qxd5 Bxf2+ 33. Kxf2 Bxd5 34. b3 Kg7 35. c4 Be4 36. Rxe4 fxe4 37. Ke3 Kf6 38. Kxe4 Kxe6 39. g4 Kd6 40. g5 Kc5 41. a3 a5 42. Ke5 a4 43. bxa4 Kxc4 44. Ke6 Kb3 45. Kxe7 Kxa3 46. Kf7 Kxa4 47. Kg7 b5 48. Kxh7 b4 49. Kxg6 b3 50. Kf7 b2 51. g6 b1Q 52. g7 Qf5+ 53. Ke8 Qe6+ 54. Kf8 Qf6+ 55. Kg8 Kb5 56. Kh7 Qh4+ 57. Kg8 Qxh3 58. Kf8 Qf5+ 59. Kg8 Kc6 60. Kh8 Qh5+ 61. Kg8 Kd6 0-1

[Event "Titled Tuesday intern op 11th Jun Late"]
[Site "Chess.com INT"]
[Date "2024.06.11"]
[Round "2"]
[White "Jiganchine, Roman"]
[Black "Lin, Bryan Enming"]
[Result "1/2-1/2"]
[WhiteElo "2205"]
[BlackElo "2143"]
[PlyCount "192"]
[EventDate "2024.06.11"]
[EventType "swiss (blitz)"]
[EventRounds "11"]
[EventCountry "USA"]
[SourceTitle "EXT 2025"]
[Source "ChessBase"]
[SourceDate "2024.10.14"]
[SourceVersion "1"]
[SourceVersionDate "2024.10.14"]
[SourceQuality "1"]

1. Nf3 Nf6 2. c4 g6 3. Nc3 Bg7 4. e4 d6 5. d4 0-0 6. Be2 c5 7. d5 e6 8. 0-0 Re8 9. Bg5 h6 10. Bh4 g5 11. Bg3 exd5 12. exd5 Bf5 13. Re1 Ne4 14. Nxe4 Bxe4 15. Qb3 b6 16. Nd2 Bg6 17. a4 f5 18. f4 g4 19. Bf2 Na6 20. Nf1 Nb4 21. a5 Qf6 22. axb6 axb6 23. Rxa8 Rxa8 24. Bd1 Re8 25. Rxe8+ Bxe8 26. Qa3 Bg6 27. Qa8+ Kh7 28. Qb8 Nd3 29. Be3 Nxb2 30. Be2 Qc3 31. Qxb6 Nxc4 32. Bxc4 Qxc4 33. Qxd6 Bf7 34. Qxc5 Qxc5 35. Bxc5 Bxd5 36. Be3 Kg6 37. Ng3 h5 38. Kf2 Bf6 39. Nf1 Be6 40. g3 Kf7 41. Ke2 Bc4+ 42. Kf2 Ke6 43. Nd2 Bd5 44. Bc5 Kd7 45. Be3 Kc6 46. Nb1 Bb2 47. Nd2 Kb5 48. Nf1 Be4 49. Ba7 Ka6 50. Be3 Kb5 51. Bd2 Bd4+ 52. Be3 Bf6 53. Ba7 Kc4 54. Be3 Kd3 55. Ba7 Bc3 56. Be3 Ba5 57. Ba7 Bd8 58. Be3 h4 59. Ba7 h3 60. Be3 Bc7 61. Ba7 Bd6 62. Be3 Bb4 63. Ba7 Bc3 64. Ne3 Bd2 65. Nf1 Bc1 66. Ne3 Bb2 67. Nf1 Kc2 68. Ne3+ Kd2 69. Nf1+ Kd1 70. Ne3+ Kc1 71. Nf1 Ba3 72. Ne3 Kb2 73. Nf1 Kc3 74. Ne3 Kd3 75. Nf1 Bb2 76. Ne3 Bf6 77. Nf1 Bc6 78. Ne3 Bd7 79. Nf1 Bc3 80. Ne3 Ke4 81. Nf1 Bb5 82. Ne3 Bd3 83. Nf1 Bxf1 84. Kxf1 Kf3 85. Kg1 Be1 86. Kh1 Ke2 87. Kg1 Bd2 88. Bb6 Be3+ 89. Bxe3 Kxe3 90. Kf1 Kf3 91. Kg1 Ke2 92. Kh1 Ke1 93. Kg1 Kd1 94. Kh1 Kd2 95. Kg1 Ke2 96. Kh1 Kf1 1/2-1/2

[Event "Titled Tuesday intern op 11th Jun Late"]
[Site "Chess.com INT"]
[Date "2024.06.11"]
[Round "1"]
[White "Jiganchine, Roman"]
[Black "Pinheiro, Iung Alicio"]
[Result "1-0"]
[WhiteElo "2205"]
[BlackElo "2270"]
[PlyCount "73"]
[EventDate "2024.06.11"]
[EventType "swiss (blitz)"]
[EventRounds "11"]
[EventCountry "USA"]
[SourceTitle "EXT 2025"]
[Source "ChessBase"]
[SourceDate "2024.10.14"]
[SourceVersion "1"]
[SourceVersionDate "2024.10.14"]
[SourceQuality "1"]

1. Nf3 d5 2. e3 Bf5 3. c4 e6 4. Nc3 c6 5. Qb3 Qb6 6. cxd5 Qxb3 7. axb3 exd5 8. d4 Bc2 9. Nd2 Nf6 10. Be2 Nbd7 11. 0-0 Bd6 12. f3 Bb4 13. g4 h6 14. Ra4 a5 15. Ra1 0-0 16. Na2 Bxd2 17. Bxd2 Bxb3 18. Nc1 Bc2 19. Rxa5 Rxa5 20. Bxa5 Ra8 21. Bb4 b6 22. Bd6 Ra1 23. Kf2 c5 24. h4 g5 25. hxg5 hxg5 26. Nd3 Ra2 27. dxc5 Bxd3 28. Bxd3 Rxb2+ 29. Kg3 bxc5 30. Bf5 Re2 31. Ra1 Rxe3 32. Ra7 Ne5 33. Ra8+ Kg7 34. Bf8+ Kg8 35. Bxc5+ Kg7 36. Bxe3 Nc6 37. Bxg5 1-0

[Event "Titled Tuesday intern op 11th Jun Early"]
[Site "Chess.com INT"]
[Date "2024.06.11"]
[Round "11"]
[White "Vingris, Mikelis"]
[Black "Jiganchine, Roman"]
[Result "1-0"]
[WhiteElo "2142"]
[BlackElo "2205"]
[PlyCount "43"]
[EventDate "2024.06.11"]
[EventType "swiss (blitz)"]
[EventRounds "11"]
[EventCountry "USA"]
[SourceTitle "EXT 2025"]
[Source "ChessBase"]
[SourceDate "2024.10.14"]
[SourceVersion "1"]
[SourceVersionDate "2024.10.14"]
[SourceQuality "1"]

1. e4 e5 2. Nf3 Nc6 3. Bb5 f5 4. d3 fxe4 5. dxe4 Nf6 6. 0-0 Bc5 7. Qd3 d6 8. Bg5 0-0 9. Nc3 Kh8 10. Nd5 Bg4 11. c3 Ne7 12. Nxf6 gxf6 13. Bh6 Rg8 14. Nh4 c6 15. Bc4 d5 16. Bb3 f5 17. exf5 e4 18. Qg3 Bd6 19. Bf4 Bxf4 20. Qxf4 Be2 21. Qe5+ Rg7 22. f6 1-0

[Event "Titled Tuesday intern op 04th Jun Late"]
[Site "Chess.com INT"]
[Date "2024.06.04"]
[Round "1"]
[White "Jaskolka, Tomasz"]
[Black "Jiganchine, Roman"]
[Result "1/2-1/2"]
[WhiteElo "2249"]
[BlackElo "2205"]
[PlyCount "145"]
[EventDate "2024.06.04"]
[EventType "swiss (blitz)"]
[EventRounds "11"]
[EventCountry "USA"]
[SourceTitle "EXT 2025"]
[Source "ChessBase"]
[SourceDate "2024.10.14"]
[SourceVersion "1"]
[SourceVersionDate "2024.10.14"]
[SourceQuality "1"]

1. e4 c6 2. d4 d5 3. exd5 cxd5 4. c4 Nf6 5. Nc3 g6 6. Nf3 Bg7 7. Bf4 0-0 8. c5 Ne4 9. Be2 Qa5 10. Qb3 Nc6 11. Rd1 Bg4 12. Be3 Bxf3 13. Bxf3 e5 14. Bxe4 exd4 15. Bxd5 dxe3 16. 0-0 Bxc3 17. Qxc3 Qxc3 18. bxc3 e2 19. Rfe1 exd1Q 20. Rxd1 Rad8 21. c4 Ne5 22. Rb1 Rc8 23. f4 Nd3 24. Rxb7 Nxc5 25. Rxa7 Ne6 26. g3 Rc7 27. Ra6 Nc5 28. Ra5 Rb8 29. Kf2 Re8 30. Kf3 h5 31. h3 Kg7 32. g4 hxg4+ 33. hxg4 Nd3 34. f5 Ne5+ 35. Kf4 Nxc4 36. Ra6 Ne3 37. Bb3 Nc2 38. fxg6 fxg6 39. Kg5 Re5+ 40. Kf4 Rec5 41. Ra8 Rc8 42. Ra7+ R5c7 43. Ra6 Nb4 44. Rd6 Rf8+ 45. Kg3 Nc6 46. Bd5 Nb4 47. Be4 Rc3+ 48. Kg2 Rf6 49. Rd7+ Rf7 50. Rd6 Rf6 51. Rd7+ Kh6 52. Rb7 Nd3 53. Rb5 Rc5 54. Bxd3 Rxb5 55. Bxb5 Kg5 56. Kg3 Rf4 57. Bd7 Rd4 58. Be6 Rd3+ 59. Kf2 Rd2+ 60. Ke3 Rg2 61. a4 Rg3+ 62. Kd4 Ra3 63. Bd7 Kf4 64. Kc5 g5 65. Kb6 Rxa4 66. Bxa4 Kxg4 67. Kc5 Kf4 68. Kd4 g4 69. Bd7 g3 70. Bh3 Kf3 71. Kd3 Kf2 72. Ke4 g2 73. Bxg2 1/2-1/2

[Event "Titled Tuesday intern op 04th Jun Early"]
[Site "Chess.com INT"]
[Date "2024.06.04"]
[Round "3"]
[White "Jiganchine, Roman"]
[Black "Jovic, Stanoje"]
[Result "0-1"]
[WhiteElo "2205"]
[BlackElo "2092"]
[PlyCount "102"]
[EventDate "2024.06.04"]
[EventType "swiss (blitz)"]
[EventRounds "11"]
[EventCountry "USA"]
[SourceTitle "EXT 2025"]
[Source "ChessBase"]
[SourceDate "2024.10.14"]
[SourceVersion "1"]
[SourceVersionDate "2024.10.14"]
[SourceQuality "1"]

1. e4 c6 2. d4 d5 3. exd5 cxd5 4. Nf3 Nc6 5. c4 Nf6 6. Nc3 Bg4 7. cxd5 Nxd5 8. Qb3 Bxf3 9. gxf3 Nb6 10. d5 Nd4 11. Bb5+ Nd7 12. Qa4 Nxb5 13. Qxb5 g6 14. 0-0 Bg7 15. Re1 0-0 16. Bg5 Bf6 17. Bxf6 exf6 18. Re3 a6 19. Qxb7 Rb8 20. Qxa6 Rxb2 21. Ne4 Kg7 22. Qa3 Qb6 23. Qc3 Ra8 24. a4 Rb1+ 25. Re1 Rxe1+ 26. Qxe1 Qb3 27. Qc3 Qxd5 28. a5 Ra6 29. Kg2 Ne5 30. Ra4 Rc6 31. Qd4 Qxd4 32. Rxd4 Ra6 33. Rd6 Rxa5 34. Rxf6 Ra3 35. f4 Nd3 36. Ng5 Ra7 37. Rd6 Nxf4+ 38. Kg3 Nh5+ 39. Kg2 h6 40. Nf3 Ra3 41. Rd4 g5 42. Rb4 Nf4+ 43. Kg3 f6 44. h4 Ne2+ 45. Kg2 Kg6 46. hxg5 hxg5 47. Rc4 Nf4+ 48. Kg3 Ra1 49. Rb4 Rh1 50. Rc4 Rh3+ 51. Kg4 f5# 0-1

[Event "Titled Tuesday intern op 04th Jun Late"]
[Site "Chess.com INT"]
[Date "2024.06.04"]
[Round "3"]
[White "Jiganchine, Roman"]
[Black "Radhakrishnan, Sharath"]
[Result "0-1"]
[WhiteElo "2205"]
[BlackElo "2001"]
[PlyCount "64"]
[EventDate "2024.06.04"]
[EventType "swiss (blitz)"]
[EventRounds "11"]
[EventCountry "USA"]
[SourceTitle "EXT 2025"]
[Source "ChessBase"]
[SourceDate "2024.10.14"]
[SourceVersion "1"]
[SourceVersionDate "2024.10.14"]
[SourceQuality "1"]

1. e4 e5 2. Nf3 Nc6 3. Nc3 Nf6 4. Bb5 a6 5. Bxc6 dxc6 6. Nxe5 Nxe4 7. Nxe4 Qd4 8. 0-0 Qxe5 9. Re1 Be6 10. d4 Qf5 11. Ng5 0-0-0 12. Nxe6 fxe6 13. Qe2 Rxd4 14. Be3 Rd8 15. c3 Bd6 16. b4 Qe5 17. g3 Qxc3 18. Qg4 Rhe8 19. Rab1 Kb8 20. a4 h5 21. Qxh5 Bxb4 22. Rec1 Qa3 23. Qg4 a5 24. Qxg7 Qxa4 25. Bf4 Bd6 26. Bxd6 Rxd6 27. Qf7 Red8 28. Qf3 Rd3 29. Qxc6 Qxc6 30. Rxc6 Rd1+ 31. Rxd1 Rxd1+ 32. Kg2 bxc6 0-1

[Event "Titled Tuesday intern op 04th Jun Late"]
[Site "Chess.com INT"]
[Date "2024.06.04"]
[Round "4"]
[White "Mazurkiewicz, Michal"]
[Black "Jiganchine, Roman"]
[Result "1-0"]
[WhiteElo "2145"]
[BlackElo "2205"]
[PlyCount "77"]
[EventDate "2024.06.04"]
[EventType "swiss (blitz)"]
[EventRounds "11"]
[EventCountry "USA"]
[SourceTitle "EXT 2025"]
[Source "ChessBase"]
[SourceDate "2024.10.14"]
[SourceVersion "1"]
[SourceVersionDate "2024.10.14"]
[SourceQuality "1"]

1. e4 e5 2. Nf3 Nc6 3. d3 Nf6 4. g3 d5 5. exd5 Nxd5 6. Bg2 Be7 7. 0-0 0-0 8. Re1 Bf6 9. Nc3 Nxc3 10. bxc3 Bg4 11. h3 Bh5 12. Rb1 Rb8 13. g4 Bg6 14. Nd2 Bh4 15. Nf3 Bf6 16. g5 Be7 17. Nxe5 Nxe5 18. Rxe5 Bd6 19. Re1 c6 20. Be3 Qa5 21. Rb3 Rfe8 22. Qb1 Qe5 23. Rxb7 Qh2+ 24. Kf1 Bf5 25. Qb3 Rxb7 26. Qxb7 Bxh3 27. Qxc6 Qh1+ 28. Ke2 Rxe3+ 29. fxe3 Bg4+ 30. Kd2 Qh2 31. Kc1 Qg3 32. Rf1 Be6 33. Qf3 Ba3+ 34. Kd2 Qc7 35. Bh3 Bb2 36. Bxe6 Bxc3+ 37. Ke2 fxe6 38. Qa8+ Qc8 39. Qxc8# 1-0

[Event "Titled Tuesday intern op 19th Mar Early"]
[Site "Chess.com INT"]
[Date "2024.03.19"]
[Round "1"]
[White "Abdukhakimov, Akbarali"]
[Black "Jiganchine, Roman"]
[Result "1-0"]
[WhiteElo "2329"]
[BlackElo "2205"]
[PlyCount "135"]
[EventDate "2024.03.19"]
[EventType "swiss (blitz)"]
[EventRounds "11"]
[EventCountry "USA"]
[SourceTitle "EXT 2025"]
[Source "ChessBase"]
[SourceDate "2024.10.14"]
[SourceVersion "1"]
[SourceVersionDate "2024.10.14"]
[SourceQuality "1"]

1. d4 d5 2. c4 e6 3. Nc3 Nf6 4. cxd5 exd5 5. Bg5 c6 6. e3 Bf5 7. Qf3 Bg6 8. Bxf6 Qxf6 9. Qxf6 gxf6 10. h4 h6 11. Nh3 Bd6 12. 0-0-0 Nd7 13. Ne2 b5 14. Nef4 Nb6 15. g4 Be4 16. Rg1 a5 17. Be2 a4 18. f3 Bh7 19. Bd3 Bxd3 20. Rxd3 Kd7 21. Nh5 Be7 22. Ng7 Nc4 23. e4 Nd6 24. exd5 cxd5 25. Nf4 Rhg8 26. Ngh5 f5 27. Nxd5 Bxh4 28. Nhf6+ Kc6 29. Ne7+ Kb7 30. Nexg8 Rd8 31. Re1 Bg5+ 32. Kb1 Nc4 33. Re7+ Ka6 34. b3 Na3+ 35. Kb2 b4 36. bxa4 Rc8 37. Rxa3 Bc1+ 38. Kb3 Bxa3 39. Re3 Rc1 40. Ne7 Rb1+ 41. Kc4 Ra1 42. Rb3 Rc1+ 43. Kd3 Ra1 44. Nfd5 Rxa2 45. Nxb4+ Bxb4 46. Rxb4 Ra3+ 47. Ke2 f4 48. Nd5 Ka5 49. Rb7 Ra2+ 50. Kf1 Ra1+ 51. Kg2 Ra2+ 52. Kg1 Ra1+ 53. Kh2 Rf1 54. Nxf4 Rxf3 55. Rxf7 Rf2+ 56. Kg3 Rf1 57. Ra7+ Kb4 58. d5 Kc5 59. Rc7+ Kb6 60. Rc6+ Kb7 61. Rxh6 Rg1+ 62. Kf3 Rf1+ 63. Ke4 Re1+ 64. Kf5 Rf1 65. d6 Kc6 66. g5 Rg1 67. Re6 Rf1 68. g6 1-0

[Event "Titled Tuesday intern op 19th Mar Early"]
[Site "Chess.com INT"]
[Date "2024.03.19"]
[Round "8"]
[White "Bornholdt, Joa Max"]
[Black "Jiganchine, Roman"]
[Result "0-1"]
[WhiteElo "2268"]
[BlackElo "2205"]
[PlyCount "100"]
[EventDate "2024.03.19"]
[EventType "swiss (blitz)"]
[EventRounds "11"]
[EventCountry "USA"]
[SourceTitle "EXT 2025"]
[Source "ChessBase"]
[SourceDate "2024.10.14"]
[SourceVersion "1"]
[SourceVersionDate "2024.10.14"]
[SourceQuality "1"]

1. e4 e5 2. f4 d5 3. exd5 exf4 4. Nf3 Nf6 5. Bb5+ c6 6. dxc6 Nxc6 7. d4 Bd6 8. 0-0 0-0 9. Nbd2 Qb6 10. Bxc6 bxc6 11. Nc4 Qc7 12. Nxd6 Qxd6 13. c3 c5 14. Kh1 Bb7 15. dxc5 Qxc5 16. Bxf4 Rad8 17. Qb3 Bd5 18. Qa4 Rfe8 19. Bg3 Ne4 20. Bh4 g5 21. Nxg5 Nxg5 22. Qg4 h6 23. Bxg5 Be6 24. Be7+ Bxg4 25. Bxc5 Rd2 26. Rf2 Rxf2 27. Bxf2 Re2 28. Bxa7 Rxb2 29. a4 Be6 30. Rd1 Ra2 31. h3 Rxa4 32. Bd4 Ra2 33. Be5 Re2 34. Bf4 Rc2 35. Be5 Re2 36. Bg3 Rc2 37. Rd3 Bc4 38. Re3 Bd5 39. Be5 Rxg2 40. c4 Re2+ 41. cxd5 Rxe3 42. Bf4 Rd3 43. d6 Kh7 44. Kg2 Rd4 45. Kf3 Kg6 46. Be5 Rd3+ 47. Ke4 Rd1 48. h4 h5 49. Bd4 f5+ 50. Ke5 Kf7 0-1

[Event "Titled Tuesday intern op 19th Mar Early"]
[Site "Chess.com INT"]
[Date "2024.03.19"]
[Round "5"]
[White "Jiganchine, Roman"]
[Black "Hernandez Jimenez, Jeronimo"]
[Result "0-1"]
[WhiteElo "2205"]
[BlackElo "2160"]
[PlyCount "60"]
[EventDate "2024.03.19"]
[EventType "swiss (blitz)"]
[EventRounds "11"]
[EventCountry "USA"]
[SourceTitle "EXT 2025"]
[Source "ChessBase"]
[SourceDate "2024.10.14"]
[SourceVersion "1"]
[SourceVersionDate "2024.10.14"]
[SourceQuality "1"]

1. e4 c6 2. d4 d5 3. exd5 cxd5 4. Nf3 Nc6 5. c4 Nf6 6. Nc3 e6 7. cxd5 Nxd5 8. Bd3 Be7 9. 0-0 0-0 10. Re1 Nf6 11. a3 a6 12. Ne4 b5 13. Nxf6+ Bxf6 14. Qc2 Nxd4 15. Nxd4 Bxd4 16. Bxh7+ Kh8 17. Be4 Ra7 18. Bf4 e5 19. Bd2 Rc7 20. Qd1 Qh4 21. g3 Qh3 22. Bg2 Qh7 23. Re4 Kg8 24. Rh4 Qg6 25. Be4 Bf5 26. Bd5 Bxb2 27. Ra2 Rd8 28. Be3 Bd4 29. Rxd4 exd4 30. Qxd4 Rcd7 0-1

[Event "Titled Tuesday intern op 05th Mar Early"]
[Site "Chess.com INT"]
[Date "2024.03.05"]
[Round "11"]
[White "Jiganchine, Roman"]
[Black "Balla, Tamas Kristof"]
[Result "1-0"]
[WhiteElo "2205"]
[BlackElo "2285"]
[PlyCount "59"]
[EventDate "2024.03.05"]
[EventType "swiss (blitz)"]
[EventRounds "11"]
[EventCountry "USA"]
[SourceTitle "EXT 2025"]
[Source "ChessBase"]
[SourceDate "2024.10.14"]
[SourceVersion "1"]
[SourceVersionDate "2024.10.14"]
[SourceQuality "1"]

1. e4 c5 2. Nf3 Nc6 3. Bb5 Nf6 4. e5 Nd5 5. Nc3 Nc7 6. Bxc6 dxc6 7. 0-0 g6 8. d3 Bg7 9. h3 0-0 10. a4 a5 11. Ne4 b6 12. Bf4 Ne6 13. Bg3 Nd4 14. Re1 h6 15. Rb1 Bf5 16. c3 Ne6 17. Qe2 Qd7 18. Nh4 Rad8 19. Rbd1 Ng5 20. Nxg5 hxg5 21. Nf3 Bxd3 22. Qe3 c4 23. Qxg5 b5 24. Qh4 Rfe8 25. Ng5 Qf5 26. e6 f6 27. Qh7+ Kf8 28. Nf7 Rd5 29. Nh6 Bxh6 30. Qh8# 1-0

[Event "Titled Tuesday intern op 05th Mar Early"]
[Site "Chess.com INT"]
[Date "2024.03.05"]
[Round "5"]
[White "Jiganchine, Roman"]
[Black "Bogdanov, Artyom"]
[Result "0-1"]
[WhiteElo "2205"]
[BlackElo "2243"]
[PlyCount "74"]
[EventDate "2024.03.05"]
[EventType "swiss (blitz)"]
[EventRounds "11"]
[EventCountry "USA"]
[SourceTitle "EXT 2025"]
[Source "ChessBase"]
[SourceDate "2024.10.14"]
[SourceVersion "1"]
[SourceVersionDate "2024.10.14"]
[SourceQuality "1"]

1. Nf3 Nf6 2. c4 e6 3. b3 d5 4. e3 Be7 5. Bb2 0-0 6. d4 b6 7. Bd3 Bb7 8. 0-0 c5 9. Qe2 Nc6 10. Nbd2 Rc8 11. Rac1 cxd4 12. exd4 dxc4 13. bxc4 h6 14. Rfd1 Re8 15. Ne4 Nb4 16. Nxf6+ Bxf6 17. Bb1 Nc6 18. Qe4 g6 19. Qe3 Bg7 20. h4 Na5 21. h5 Nxc4 22. Rxc4 Rxc4 23. hxg6 f5 24. Bd3 Rc8 25. Bb5 Bc6 26. Ba6 Rc7 27. Bc4 Bd5 28. Bb5 Rc2 29. Ba3 Rxa2 30. Rc1 Rxa3 31. Qxa3 Rf8 32. Qxa7 Bxf3 33. gxf3 Qg5+ 34. Kh2 Qxc1 35. Qe7 Qf4+ 36. Kg2 Qg5+ 37. Qxg5 hxg5 0-1

[Event "Titled Tuesday intern op 05th Mar Late"]
[Site "Chess.com INT"]
[Date "2024.03.05"]
[Round "3"]
[White "Jiganchine, Roman"]
[Black "Kazmaier, Daniel"]
[Result "0-1"]
[WhiteElo "2205"]
[BlackElo "2180"]
[PlyCount "136"]
[EventDate "2024.03.05"]
[EventType "swiss (blitz)"]
[EventRounds "11"]
[EventCountry "USA"]
[SourceTitle "EXT 2025"]
[Source "ChessBase"]
[SourceDate "2024.10.14"]
[SourceVersion "1"]
[SourceVersionDate "2024.10.14"]
[SourceQuality "1"]

1. Nf3 f5 2. d3 Nf6 3. e4 d6 4. Nc3 e5 5. d4 fxe4 6. dxe5 exf3 7. exf6 Qxf6 8. Qxf3 Qxf3 9. gxf3 c6 10. Bg5 h6 11. Bh4 Bf5 12. 0-0-0 Nd7 13. Bd3 Bxd3 14. Rhe1+ Kf7 15. Rxd3 Nc5 16. Rde3 d5 17. b4 d4 18. R3e2 dxc3 19. bxc5 Bxc5 20. Re5 Ba3+ 21. Kb1 Rhe8 22. f4 Bd6 23. Rxe8 Rxe8 24. Rxe8 Kxe8 25. f5 Bxh2 26. a4 b5 27. axb5 cxb5 28. Ka2 a5 29. Kb3 Be5 30. f3 Kd7 31. Be1 Kc6 32. f4 Bd4 33. Bh4 Bf6 34. Bf2 Kd5 35. Bb6 Ke4 36. Bxa5 Kxf4 37. Kb4 Kxf5 38. Kxb5 h5 39. Bc7 Be5 40. Bd8 g5 41. Kc4 Ke4 42. Bxg5 Kf5 43. Bd8 Ke4 44. Be7 Bg7 45. Bd8 Ke3 46. Be7 Kd2 47. Kb3 Bd4 48. Bg5+ Ke2 49. Kc4 Be5 50. Kd5 Bg7 51. Kc4 Kd1 52. Kb3 Ke2 53. Kc4 Kf3 54. Kd3 Kg4 55. Be7 Kg3 56. Ke4 h4 57. Bd6+ Kg2 58. Ke3 h3 59. Kd3 h2 60. Bxh2 Kxh2 61. Kc4 Kg2 62. Kb3 Kf2 63. Ka2 Ke2 64. Kb1 Kd2 65. Ka1 Kxc2 66. Ka2 Kc1 67. Ka1 c2+ 68. Ka2 Kd2 0-1

[Event "Titled Tuesday intern op 05th Mar Late"]
[Site "Chess.com INT"]
[Date "2024.03.05"]
[Round "1"]
[White "Ozates, Tuna"]
[Black "Jiganchine, Roman"]
[Result "1-0"]
[WhiteElo "2290"]
[BlackElo "2205"]
[PlyCount "101"]
[EventDate "2024.03.05"]
[EventType "swiss (blitz)"]
[EventRounds "11"]
[EventCountry "USA"]
[SourceTitle "EXT 2025"]
[Source "ChessBase"]
[SourceDate "2024.10.14"]
[SourceVersion "1"]
[SourceVersionDate "2024.10.14"]
[SourceQuality "1"]

1. e4 c6 2. d4 d5 3. exd5 cxd5 4. c4 Nf6 5. Nc3 Nc6 6. Bg5 dxc4 7. Bxc4 h6 8. Bh4 e6 9. Nf3 Be7 10. 0-0 0-0 11. a3 Nd5 12. Bg3 Bf6 13. h3 Nb6 14. Ba2 Nxd4 15. Nxd4 Qxd4 16. Qf3 Qd2 17. Ne4 Qxb2 18. Rfb1 Qxa1 19. Rxa1 Bxa1 20. Bb1 Bd7 21. Qd3 g6 22. Bf4 Bc6 23. Bxh6 Rfd8 24. Qf3 Nd5 25. Bg5 Nf6 26. Bxf6 Bxf6 27. Nxf6+ Kg7 28. Qc3 Rd1+ 29. Kh2 Rxb1 30. Nh5+ Kf8 31. Qh8+ Ke7 32. Qxa8 gxh5 33. Qxa7 Rb5 34. Qd4 Rg5 35. f3 Rd5 36. Qh4+ Ke8 37. Qf6 Rf5 38. Qh8+ Ke7 39. Qc3 Rd5 40. g4 hxg4 41. fxg4 Ke8 42. h4 Rb5 43. h5 Rd5 44. h6 Rd1 45. Qg7 Rh1+ 46. Kg3 Rg1+ 47. Kf2 Rh1 48. h7 Rh2+ 49. Kg3 Rg2+ 50. Kh3 Rg1 51. h8Q+ 1-0

[Event "Titled Tuesday intern op 05th Mar Early"]
[Site "Chess.com INT"]
[Date "2024.03.05"]
[Round "7"]
[White "Vargas Benavides, Mauricio"]
[Black "Jiganchine, Roman"]
[Result "0-1"]
[WhiteElo "1974"]
[BlackElo "2205"]
[PlyCount "52"]
[EventDate "2024.03.05"]
[EventType "swiss (blitz)"]
[EventRounds "11"]
[EventCountry "USA"]
[SourceTitle "EXT 2025"]
[Source "ChessBase"]
[SourceDate "2024.10.14"]
[SourceVersion "1"]
[SourceVersionDate "2024.10.14"]
[SourceQuality "1"]

1. e4 e5 2. Nf3 Nc6 3. d4 exd4 4. Bc4 Nf6 5. e5 d5 6. Bb5 Ne4 7. Nxd4 Bd7 8. Bxc6 bxc6 9. 0-0 Bc5 10. c3 Bb6 11. f3 Ng5 12. Be3 Qe7 13. Nd2 c5 14. N4b3 0-0 15. f4 Ne4 16. Nxe4 dxe4 17. Qe2 Qe6 18. Nxc5 Bxc5 19. Bxc5 Rfe8 20. Rad1 Bc6 21. Be3 Qxa2 22. Ra1 Qd5 23. Rxa7 Rxa7 24. Bxa7 Bb5 25. Rd1 Qb7 26. Qe3 Ba4 0-1

[Event "Titled Tuesday intern op 20th Feb Early"]
[Site "Chess.com INT"]
[Date "2024.02.20"]
[Round "1"]
[White "Jiganchine, Roman"]
[Black "Fromm, Marius"]
[Result "0-1"]
[WhiteElo "2205"]
[BlackElo "2446"]
[PlyCount "76"]
[EventDate "2024.02.20"]
[EventType "swiss (blitz)"]
[EventRounds "11"]
[EventCountry "USA"]
[SourceTitle "EXT 2025"]
[Source "ChessBase"]
[SourceDate "2024.10.14"]
[SourceVersion "1"]
[SourceVersionDate "2024.10.14"]
[SourceQuality "1"]

1. Nf3 Nc6 2. e4 e5 3. Nc3 Nf6 4. Bb5 Bd6 5. d3 Ne7 6. Bg5 c6 7. Ba4 Ng6 8. d4 Qe7 9. h4 h6 10. Bxf6 Qxf6 11. h5 Nf4 12. g3 exd4 13. e5 Bxe5 14. 0-0 dxc3 15. Nxe5 cxb2 16. Re1 Nh3+ 17. Kg2 0-0 18. Rb1 Nxf2 19. Qf3 Qxf3+ 20. Kxf3 Nh3 21. Bb3 d5 22. g4 Ng5+ 23. Kf4 Re8 24. c4 Be6 25. cxd5 Bxd5 26. Bxd5 cxd5 27. Rxb2 Re7 28. Nd3 Rxe1 29. Nxe1 b6 30. Rd2 Rd8 31. a4 Kf8 32. Nd3 Ne6+ 33. Kg3 Nc5 34. a5 Nxd3 35. Rxd3 bxa5 36. Kf4 d4 37. Kf3 Ke7 38. Ra3 d3 0-1